书目信息 |
| 题名: |
园艺植物营养与施肥
|
|
| 作者: | 马国瑞 | |
| 分册: | ||
| 出版信息: | 北京 中国农业出版社 1994 |
|
| 页数: | 214 | |
| 开本: | 26cm | |
| 丛书名: | ||
| 单 册: | ||
| 中图分类: | S606 | |
| 科图分类: | ||
| 主题词: | 园艺 | |
| 电子资源: | ||
| ISBN: | 7-109-03120-9 | |
| 000 | 00502nam0 2200181 450 | |
| 001 | 0741144344 | |
| 005 | 20070817112544.34 | |
| 010 | @a7-109-03120-9@d¥17.20 | |
| 100 | @a20070817d km y0chiy0120 ea | |
| 101 | 0 | @achi |
| 200 | 1 | @a园艺植物营养与施肥@Ayuan yi zhi wu ying yang yu shi fei@f马国瑞@Fma guo rui |
| 210 | @a北京@c中国农业出版社@d1994 | |
| 215 | @a214@d26cm | |
| 606 | 0 | @a园艺 |
| 690 | @aS606@v3 | |
| 701 | 0 | @a马国瑞@Ama guo rui |
| 801 | 0 | @aCN@bPFT@c20070817 |
| 905 | @a213230@dS606@en1@f1 | |
| 园艺植物营养与施肥/马国瑞.-北京:中国农业出版社,1994 |
| 214;26cm |
| ISBN 7-109-03120-9:¥17.20 |
| ● |
| 相关链接 |
|
|
|
|
正题名:园艺植物营养与施肥
索取号:S606/n1
 
预约/预借
| 序号 | 登录号 | 条形码 | 馆藏地/架位号 | 状态 | 备注 |
| 1 | 6600648 | 266006485 | 密集书库-生命科学系/ [索取号:S606/n1] | 在馆 |